Responsabilidad del Estado y del funcionario público. caracterización general / 1 :
Guardado en:
| Autor Principal: | |
|---|---|
| Formato: | Libro |
| Idioma: | Spanish |
| Publicado: |
Buenos Aires :
Astrea,
2013.
|
| Edición: | 1a. ed. |
| Materias: | |
| Etiquetas: |
Agregar Etiqueta
Sin Etiquetas, Sea el primero en etiquetar este registro!
|
| LEADER | 00790nam a22001695a 4500 | ||
|---|---|---|---|
| 001 | DER.der015067 | ||
| 008 | 241106s2013####ag#||||||||||||||#||spa|| | ||
| 005 | 20241106091054.0 | ||
| 245 | 1 | 0 | |a Responsabilidad del Estado y del funcionario público. |n 1 : |b caracterización general / |c Ramón Daniel Pizarro. |
| 250 | |a 1a. ed. | ||
| 260 | |a Buenos Aires : |b Astrea, |c 2013. | ||
| 300 | |a 488 p. | ||
| 500 | |a Marco normativo. Daño resarcible. Antijuricidad. Imputación del daño a la administración pública. Relación de causalidad. Factor de atribución. Responsabilidad extracontractual por dependientes. Actividad ilegítima. Omisión. Hechos lícitos. | ||
| 020 | |a 9789877060096 | ||
| 100 | 1 | |a Pizarro, Ramón Daniel | |
| 650 | 7 | |a DERECHO ADMINISTRATIVO | |
| 859 | |a DERECHO |b BIB. DERECHO |h 342 |i PIZ |p 009117 |3 1 | ||
